Dota 2 Heroes/Abilties - Statistics

General Stats
  • This quiz has been taken 1,422 times
  • The average score is 34 of 102
Answer Stats
Hint Answer % Correct
Earthshaker Echo Slam
90%
Tiny Grow
80%
Doom Doom
73%
Kunkka Ghostship
73%
Dragon Knight Elder Dragon Form
72%
Io Relocate
70%
Pudge Dismember
68%
Sven God's Strength
67%
Clockwerk Hookshot
66%
Juggernaut Omnislash
66%
Tidehunter Ravage
66%
Tusk Walrus PUNCH!
63%
Axe Culling Blade
61%
Omniknight Guardian Angel
58%
Huskar Life Break
58%
Magnus Reverse Polarity
58%
Centaur Warrunner Stampede
58%
Bounty Hunter Track
58%
Treant Protector Overgrowth
57%
Alchemist Chemical Rage
56%
Lifestealer Infest
55%
Beastmaster Primal Roar
55%
Brewmaster Primal Split
55%
Sniper Assassinate
53%
Faceless Void Chronosphere
53%
Anti-Mage Mana Void
51%
Timbersaw Chakram
50%
Bloodseeker Rupture
50%
Luna (by the moona) Eclipse
47%
Skeleton King Reincarnation
47%
Vengeful Spirit Nether Swap
45%
Gyrocopter Call Down
42%
Bristleback Warpath
42%
Naga Siren Song of the Siren
40%
Ursa Enrage
39%
Abaddon Borrowed Time
37%
Engima Black Hole
36%
Phantom Assassin Coup de Grace
36%
Sand king Epicentre
36%
Drow Ranger Marksmanship
36%
Elder Titan Earth Splitter
35%
Lina Laguna Blade
34%
Mirana Moonlight Shadow
34%
Chaos Knight Phantasm
34%
Spirit Breaker Nether Strike
33%
Lion Finger of Death
32%
Tinker Rearm
32%
Silencer Global Silence
31%
Lycanthrope Shapeshift
29%
Undying Flesh Golem
28%
Spectre Haunt
28%
Morphling Replicate
28%
Shadow Fiend Requiem of Souls
28%
Weaver Time Lapse
28%
Viper Viper Strike
28%
Night Stalker Darkness
27%
Windrunner Focus Fire
27%
Invoker Invoke
25%
Ogre Magi Multicast
25%
Rubick Spell Steal
25%
Nyx Assassin Vendetta
25%
Puck Dream Coil
24%
Templar Assassin Psionic Trap
24%
Slardar Amplify Damage
23%
Shadow Shaman Mass Serpent Ward
23%
Razor Eye of the Storm
22%
Meepo Divided We Stand
21%
Riki Permanent Invisibility
21%
Zeus Thundergod's Wrath
21%
Lone Druid True Form
21%
Lich Chain Frost
19%
Venomancer Poison Nova
19%
Medusa Stone Gaze
19%
Enchantress Impetus
18%
Jakiro Macropyre
18%
Chen Hand of God
17%
Witch Doctor Death Ward
15%
Bane Fiend's Grip
15%
Crystal Maiden Freezing Field
15%
Slark Shadow Dance
15%
Storm Spirit Ball Lightning
14%
Troll Warlord Battle Trance
14%
Pugna Life Drain
14%
Queen of Pain Sonic Wave
13%
Disruptor Static Storm
12%
Nature's Prophet Wrath of Nature
12%
Clinkz Death Pact
11%
Broodmother Insatiable Hunger
11%
Batrider Flaming Lasso
10%
Ancient Apparition Ice Blast
10%
Necrolyte Reaper's Scythe
10%
Dark Seer Wall of Replica
10%
Death Prophet Exorcism
9%
Keeper of the Light Spirit Form
8%
Dazzle Weave
8%
Phantom Lancer Phantom Edge
7%
Visage Summon Familiars
7%
Skywrath Mage Mystic Flare
6%
Warlock Chaotic Offering
5%
Shadow Demon Demonic Purge
5%
Leshrac Pulse Nova
5%
Outworld Devourer Sanity's Eclpise
0%
No matching quizzes found
Score Distribution
Percent of People with Each Score
Percentile by Number Answered
Your Score History
You have not taken this quiz